000 00957nam a2200277 i 4500
001 18030
003 ES-MaACL
005 20251122063106.0
007 t|
008 010731s2001 sp ||||1| spa d
020 _a84-8432-179-7
080 _a82-1.08
080 _a821.134.2(82)-5"19"
100 1 _aBorges, Jorge Luis,
_d1899-1986
_9242526
245 1 0 _aArte poética
_b: seis conferencias /
_cJorge Luis Borges ; traducción de Justo Navarro ; prólogo de Pere Gimferrer ; edición, notas y epílogo de Calin-Andrei Mihailescu.
260 _aBarcelona :
_bCrítica,
_c[2001]
300 _a181 p. ;
_c20 cm.
490 1 _aLetras de humanidad
650 1 4 _aPoética.
_916254
700 1 _aNavarro, Justo.
_985077
700 0 _aGimferrer, Pere,
_d1945-
_957102
700 1 _aMihailescu, Calin-Andrei.
_981056
830 0 0 _aLetras de humanidad (Crítica)
_9180478
852 _aES-MaACL
_jL-24764
_bR.130132
999 _c18030
_d18030